000 00295nam a22001337a 4500
008 170628b xxu||||| |||| 00| 0 eng d
020 _a 0816615853
041 _aeng
080 _a82
100 _a21
101 _aGJL
245 _aCRITIQUE OF CYNICAL REASON
_cSLOTERDIJK,P
942 _2udc
_cBK
999 _c19362
_d19362